The Many Faces of Sigourney Weaver Quiz Stats

 Plays Quiz not verified by Sporcle

Challenge
Share
Tweet
Score 0/24 Timer 07:00
0 Plays Today
% Correct
Aliens
96.3%
Galaxy Quest
89%
Gorillas in the Mist
82.9%
Working Girl
76.8%
Avatar
73.2%
Ghostbusters
73.2%
The Cabin in the Woods
52.4%
Paul
51.2%
The Village
42.7%
Baby Mama
41.5%
A Monster Calls
41.5%
Exodus: Gods and Men
36.6%
% Correct
Heartbreakers
36.6%
Chappie
29.3%
Happily N'Ever After
29.3%
Holes
26.8%
The Cold Light of Day
26.8%
Abduction
25.6%
Vantage Point
25.6%
Copycat
25.6%
Red Lights
24.4%
Death and the Maiden
23.2%
You Again
22%
Cedar Rapids
19.5%

You're not logged in!

Compare scores with friends on all Sporcle quizzes.
Join for Free
OR
Log In

You Might Also Like...

Show Comments

Extras

Top Quizzes Today


Score Distribution

Your Account Isn't Verified!

In order to create a playlist on Sporcle, you need to verify the email address you used during registration. Go to your Sporcle Settings to finish the process.

Report this User

Report this user for behavior that violates our Community Guidelines.

Details: